Estado Sagrado Chronologico Genealogico y Universal del mundo (Record no. 10903)

MARC details
000 -CABECERA
campo de control de longitud fija 02230nam a22002657a 4500
001 - NÚMERO DE CONTROL
campo de control BRCA_9283
003 - IDENTIFICADOR DEL NÚMERO DE CONTROL
campo de control FranzMayer
005 - FECHA Y HORA DE LA ÚLTIMA TRANSACCIÓN
campo de control 20230724112733.0
008 - DATOS DE LONGITUD FIJA--INFORMACIÓN GENERAL
campo de control de longitud fija 230721b |||||||| |||| 00| 0 eng d
040 ## - FUENTE DE LA CATALOGACIÓN
Centro catalogador/agencia de origen MFM
Lengua de catalogación esp
Centro/agencia transcriptor MFM
050 ## - SIGNATURA TOPOGRÁFICA DE LA BIBLIOTECA DEL CONGRESO
Número de clasificación LE52
Número de documento/Ítem C84 1776
082 ## - NÚMERO DE LA CLASIFICACIÓN DECIMAL DEWEY
Número de edición BX3651
100 1# - ENTRADA PRINCIPAL--NOMBRE DE PERSONA
Código de función/relación Autor
Nombre de persona De la Cuesta, Leonardo Antonio
9 (RLIN) 28917
240 1# - TÍTULO UNIFORME
Título uniforme Estado Sagrado Chronologico Genealogico y Universal del mundo
Medio Tomo VII. Desde su creación, hasta los presentes siglos, en que se dará noticia de los Patriarcas, Profetas, Pontífices, Emperadores, Reyes, Escritores y otras personas Ilustres, con los Concilios, Cismas, Anti-papas, Heresiarcas, persecuciones de la Iglesia, y varios acaecimientos curiosos en que pueda divertirse todo genero de personas
Lenguaje de la obra español
245 0# - MENCIÓN DE TÍTULO
Título Estado Sagrado Chronologico Genealogico y Universal del mundo
Resto del título Tomo VII. Desde su creación, hasta los presentes siglos, en que se dará noticia de los Patriarcas, Profetas, Pontífices, Emperadores, Reyes, Escritores y otras personas Ilustres, con los Concilios, Cismas, Anti-papas, Heresiarcas, persecuciones de la Iglesia, y varios acaecimientos curiosos en que pueda divertirse todo genero de personas
260 ## - PUBLICACIÓN, DISTRIBUCIÓN, ETC.
Lugar de publicación, distribución, etc. Madrid, España
Nombre del editor, distribuidor, etc. Imprenta de D. Manuel Martin
Fecha de publicación, distribución, etc. 1776
300 ## - DESCRIPCIÓN FÍSICA
Extensión 365 p
Dimensiones 16 cm
440 ## - MENCIÓN DE SERIE/PUNTO DE ACCESO ADICIONAL--TÍTULO
Título Estado Sagrado Chronologico Genealogico y Universal del mundo
Número de parte o sección de la obra Desde su creación, hasta los presentes siglos, en que se dará noticia de los Patriarcas, Profetas, Pontífices, Emperadores, Reyes, Escritores y otras personas Ilustres, con los Concilios, Cismas, Anti-papas, Heresiarcas, persecuciones de la Iglesia, y varios acaecimientos curiosos en que pueda divertirse todo genero de personas
Nombre de parte o sección de la obra Tomo VII
9 (RLIN) 28918
500 ## - NOTA GENERAL
Nota general El libro contiene dos marcas al inicio, que hacen mención a los lugares a los que perteneció con anterioridad.
500 ## - NOTA GENERAL
Nota general El libro tiene varias hojas dañadas, correspondiente con daño por animales
505 0# - NOTA DE CONTENIDO CON FORMATO
Nota de contenido con formato Texto en. españolDirigido a: teólogos, historiadores y antropólogos.Incluye índice (temático).
650 1# - PUNTO DE ACCESO ADICIONAL DE MATERIA--TÉRMINO DE MATERIA
Fuente del encabezamiento o término Religión
Término de materia o nombre geográfico como elemento de entrada Estudios religiosos
Subdivisión de forma Religión católica
9 (RLIN) 28919
651 2# - PUNTO DE ACCESO ADICIONAL DE MATERIA--NOMBRE GEOGRÁFICO
Fuente del encabezamiento o término Biblia católica
Nombre geográfico Creación del mundo
Subdivisión de forma Hombres destacables
9 (RLIN) 28920
942 ## - ELEMENTOS DE PUNTO DE ACCESO ADICIONAL (KOHA)
Fuente del sistema de clasificación o colocación Library of Congress Classification
Tipo de ítem Koha Libros
Holdings
Estado de retiro Estado de pérdida Fuente del sistema de clasificación o colocación Estado dañado No para préstamo Código de colección Localización permanente Ubicación/localización actual Fecha de adquisición Fuente de adquisición Total de préstamos Signatura topográfica completa Código de barras Fecha visto por última vez Precio válido a partir de Tipo de ítem Koha
El ejemplar forma parte de la colección y puede ser consultado según las políticas vigentes.   Library of Congress Classification     Conventual Franz Mayer Biblioteca del Museo Franz Mayer (Rogerio Casas-Alatriste) Biblioteca del Museo Franz Mayer (Rogerio Casas-Alatriste) 21/07/2023 Donación   LE52 C84 1776 CFM00519 21/07/2023 21/07/2023 Libros